An old Indian village.

Bibliographic Details
Main Author: Udden, Johan August, 1859-1932
Format: Book
Language:English
Published: Rock Island, Ill. : Lutheran Augustana Book Concern, printers, 1900.
Subjects:

MARC

Tag First Indicator Second Indicator Subfields
LEADER 00000cam a2200000 4500
001 in00000049356
005 20151007071658.0
008 760805s1900 iluab 00000 eng
010 |a  02015537  
035 |a (OCoLC)02356606 
035 |9 AAE6429AM 
040 |a DLC  |c TOL  |d OCL  |d TXA  |d UtOrBLW 
049 |a TXAM  |c [917038] 
050 0 0 |a E78.K16  |b U2 
100 1 |a Udden, Johan August,  |d 1859-1932. 
245 1 3 |a An old Indian village. 
264 1 |a Rock Island, Ill. :  |b Lutheran Augustana Book Concern, printers,  |c 1900. 
300 |a 80 pages :  |b illustrations, map. ;  |c 27 cm. 
336 |a text  |b txt  |2 rdacontent 
337 |a unmediated  |b n  |2 rdamedia 
338 |a volume  |b nc  |2 rdacarrier 
650 0 |a Mounds  |z Kansas  |z McPherson County. 
651 0 |a Kansas  |x Antiquities. 
999 |a MARS 
999 f f |s 3613256c-4c62-327e-887a-b0cbbe9903bb  |i e3d47e7d-29be-3898-ae79-2b9a8f5ba900  |t 0 
952 f f |p ric  |a Texas A&M University  |b Rellis Campus  |c Joint Library Facility  |d Remote Storage  |t 0  |e E78.K16 U2  |h Library of Congress classification  |i unmediated -- volume  |m A14802127782 
998 f f |a E78.K16 U2  |t 0  |l Remote Storage